Statistics for Sight to City: North America #6 [pic]

Click here to take the quiz!

General Stats

  • This quiz has been taken 10 times
  • The average score is 4 of 16

Answer Stats

Answer% Correct
San Francisco
100%
Seattle
78%
Little Rock
67%
San Antonio
67%
Minneapolis
22%
Nashville
22%
Ottawa
22%
Vancouver
22%
Pittsburgh
11%
Portland
11%
Cuernavaca
0%
Dearborn
0%
Madison
0%
Portland
0%
Puebla
0%
Regina
0%

Score Distribution

Percentile by Number Answered

Percent of People with Each Score

Your Score History

You have not taken this quiz